01202cam a22003131 4500001001300000003000400013005001700017008004100034010001700075035001800092040002800110042001200138050002500150086001500175100002800190245010500218246003100323260004800354300004400402490004500446500012100491504003000612650003800642650005200680650004700732710003600779830005600815999001700871l 37000151 DLC20260227111536.0720908s1937 dcu b f000 0 eng  al 37000151  a(OCoLC)401705 aDLCcOClUdNBrockUdDLC apremarc00aHD6093b.A35 no. 1550 aL 13.3:1551 aPidgeon, Mary Elizabeth10aWomen in the economy of the United States of America;ba summary report,cby Mary Elizabeth Pidgeon.14aWomen in the United States aWashington,bU.S. Govt. Print. Off.,c1937. aix, 137 p.bincl. maps, diagrs.c23 cm.1 aBulletin of the Women's Bureau,vno. 155 aAt head of title: United States Dept. of Labor, Frances Perkins, Secretary; Women's Bureau, Mary Anderson, Director. a"References": p. 132-135. 0aWomenxEmploymentzUnited States. 0aWomenxLegal status, laws, etc.zUnited States. 0aWomenzUnited StatesxEconomic conditions.1 aUnited States.bWomen's Bureau. 0aBulletin (United States. Women's Bureau) ;vno. 155 c36240d36240